Introduction to the Design & Analysis of Algorithms / (Record no. 9254)
[ view plain ]
| 000 -LEADER | |
|---|---|
| fixed length control field | 02521nac a22003491u 4500 |
| 008 - FIXED-LENGTH DATA ELEMENTS--GENERAL INFORMATION | |
| fixed length control field | 100124s2007 mau||||| |||| 001 0 eng d |
| 010 ## - LIBRARY OF CONGRESS CONTROL NUMBER | |
| LC control number | 2005033620 |
| 020 ## - INTERNATIONAL STANDARD BOOK NUMBER | |
| International Standard Book Number | 0321364139 |
| 020 ## - INTERNATIONAL STANDARD BOOK NUMBER | |
| International Standard Book Number | 9780321364135 |
| 082 00 - DEWEY DECIMAL CLASSIFICATION NUMBER | |
| Classification number | 005.136 |
| Item number | LEV |
| Edition number | 22 |
| 100 ## - MAIN ENTRY--PERSONAL NAME | |
| Personal name | Levitin, Anany. |
| 9 (RLIN) | 10552 |
| 245 10 - TITLE STATEMENT | |
| Title | Introduction to the Design & Analysis of Algorithms / |
| Statement of responsibility, etc | Anany Levitin |
| 246 30 - VARYING FORM OF TITLE | |
| Title proper/short title | Introduction to the design and analysis of algorithms |
| 250 ## - EDITION STATEMENT | |
| Edition statement | 2nd ed. |
| 260 ## - PUBLICATION, DISTRIBUTION, ETC. (IMPRINT) | |
| Place of publication, distribution, etc | Boston, MA : |
| Name of publisher, distributor, etc | Pearson Addison-Wesley, 2007 |
| Date of publication, distribution, etc | 2007. |
| 300 ## - PHYSICAL DESCRIPTION | |
| Extent | 562 p. : |
| Other physical details | ill. ; |
| Dimensions | 23 cm. |
| 504 ## - BIBLIOGRAPHY, ETC. NOTE | |
| Bibliography, etc | Includes bibliography : p. 487-496 and index. |
| 650 #0 - SUBJECT ADDED ENTRY--TOPICAL TERM | |
| Topical term or geographic name as entry element | Computer algorithms. |
| 9 (RLIN) | 10553 |
| 653 ## - INDEX TERM--UNCONTROLLED | |
| Resource For college | |
| Arrived date list | November2011 |
| 856 41 - ELECTRONIC LOCATION AND ACCESS | |
| Materials specified | Table of contents |
| Uniform Resource Identifier | <a href="http://www.loc.gov/catdir/toc/ecip063/2005033620.html">http://www.loc.gov/catdir/toc/ecip063/2005033620.html</a> |
| 942 ## - ADDED ENTRY ELEMENTS (KOHA) | |
| Item type | Book - Borrowing |
| Call number prefix | 005.136 LEV |
| Source of classification or shelving scheme | Dewey Decimal Classification |
| Withdrawn status | Item status | Source of classification or shelving scheme | Damaged status | Not for loan | Vendor | Home library | Current library | Shelving location | Date acquired | Source of acquisition | Cost, normal purchase price | Total Checkouts | Total Renewals | Full call number | Barcode | Date last seen | Date last borrowed | Cost, replacement price | Koha item type | Serial Enumeration / chronology |
|---|---|---|---|---|---|---|---|---|---|---|---|---|---|---|---|---|---|---|---|---|
| Dewey Decimal Classification | Baccah | Central Library | Central Library | Lower Floor | 24/01/2010 | 317.00 | 7 | 2 | 005.136 LEV | 000011311 | 15/07/2025 | 23/10/2011 | 396.25 | Book - Borrowing | ||||||
| Dewey Decimal Classification | Baccah | Central Library | Central Library | Lower Floor | 24/01/2010 | 317.00 | 7 | 33 | 005.136 LEV | 000015948 | 15/07/2025 | 22/12/2013 | 396.25 | Book - Borrowing | 7073 | |||||
| Dewey Decimal Classification | Baccah | Central Library | Central Library | Lower Floor | 24/01/2010 | 317.00 | 2 | 005.136 LEV | 000019502 | 15/07/2025 | 04/01/2011 | 396.25 | NB - Book (Non borrowing) | |||||||
| Dewey Decimal Classification | Baccah | Central Library | Central Library | Lower Floor | 24/01/2010 | 317.00 | 5 | 10 | 005.136 LEV | 000019469 | 15/07/2025 | 23/10/2011 | 396.25 | Book - Borrowing | ||||||
| Dewey Decimal Classification | Baccah | Central Library | Central Library | Lower Floor | 24/01/2010 | 317.00 | 2 | 4 | 005.136 LEV | 000001504 | 15/07/2025 | 23/11/2017 | 396.25 | Book - Borrowing | ||||||
| Dewey Decimal Classification | Baccah | Central Library | Central Library | Lower Floor | 02/11/2011 | 317.00 | 1 | 1 | 005.136 LEV | 000025570 | 15/07/2025 | 19/09/2012 | 396.25 | Book - Borrowing | ||||||
| Dewey Decimal Classification | Baccah | Central Library | Central Library | Lower Floor | 02/11/2011 | 317.00 | 3 | 8 | 005.136 LEV | 000025569 | 15/07/2025 | 19/11/2017 | 396.25 | Book - Borrowing | ||||||
| Dewey Decimal Classification | Baccah | Central Library | Central Library | Lower Floor | 02/11/2011 | 317.00 | 2 | 4 | 005.136 LEV | 000025571 | 15/07/2025 | 02/11/2014 | 396.25 | Book - Borrowing | ||||||
| Dewey Decimal Classification | Baccah | Central Library | Central Library | Lower Floor | 02/11/2011 | 317.00 | 1 | 005.136 LEV | 000025573 | 15/07/2025 | 24/09/2018 | 396.25 | Book - Borrowing | |||||||
| Dewey Decimal Classification | Baccah | Central Library | Central Library | Lower Floor | 02/11/2011 | 317.00 | 2 | 9 | 005.136 LEV | 000025574 | 15/07/2025 | 13/11/2017 | 396.25 | Book - Borrowing |